000 02781nam0a2200457 4500
001 RU\NLR\BIBL_A\016230525
005 20221221122604.0
010 _a978-5-17-149292-2
_91500
021 _aRU
_bКН-П-22-077525
_9КН-П-22-6778
035 _a(NLR Aleph) 016230525
035 _a(RuMoRGB)011341504
090 _a12766018
_c12766018
100 _a20221207d2022 u y0rusy50 ca
101 0 _arus
102 _aRU
105 _aach z 000zy
181 0 _ai
_baxxe
182 0 _an
200 1 _aВладимир Этуш. Старый знакомый
_fЕлена Этуш
203 _aТекст
_bвизуальный
_cнепосредственный
210 _aМосква
_cАСТ
_d2022
_cКладезь
215 _a219, [4] с., [16] л. ил., цв. ил., портр., факс.
_d22
225 1 _aЗеркало памяти
330 _aВ этой книге собраны размышления Владимира Этуша о своей жизни, войне, театре, кино, а также воспоминания его коллег и учеников: у каждого из них тоже есть своя история о нем. Многое из этого увидело свет впервые. Наконец полностью опубликован фронтовой дневник Владимира Абрамовича, один из ярких документов эпохи, рассказывающий о Великой Отечественной войне. Актер, фронтовик, педагог... вот такой он, наш старый знакомый
333 _a12+
517 1 _aСтарый знакомый
600 1 _aЭтуш
_bВ.А.
_f1922 - 2019
_gВладимир Абрамович
_jВоспоминания, записки и т.п
_92278999
_3RU\NLR\AUTH\661365521
606 1 _aДраматический театр русский советский
_jВоспоминания, записки и т.п
_92321270
_3RU\NLR\AUTH\661388694
606 1 _aХудожественно-игровое кино русское советское
_jВоспоминания, записки и т.п
_92546907
_3RU\NLR\AUTH\661507390
675 _a[792.2
_v4
675 _a791.22](47+57)(093.3)
_v4
686 1 _aЩ334.3(2Р=Рус)7-86Этуш
686 1 _aЩ374.3(2Р)7-86Этуш
686 1 _aЩ334.3(2Р=Рус)7
686 1 _aЩ374.3(2Р)7
700 1 _aЭтуш
_bЕ. Е.
_gЕлена Евгеньевна
702 1 _4280
_7ca
_8rus
_aЭтуш
_bВ. А.
_f1923-2019
_gВладимир Абрамович
_9223528
_3RU\NLR\AUTH\770223584
942 _cBOOK
980 _aNB